00604nam a22002057a 450000500170000001000130001702000220003003500130005203700160006504000120008108200160009310000180010924500850012726000430021227000380025530000300029365000210032365000360034470000180038020170124105947.0 aA-822944 c70.00a8170141818 aA-822944 bCen Lib/Ret aDPLbEN a332.45bAND aAndley, K. K. aForeign exchanges :cby K. K. Andley [and] V. J. Mattoobprinciples & practice / aNew DelhibSultan Chand and Sonsc1995 bNew Delhia23, Darya Ganje110002 avarious pagingsc22cm(Hb) aForeign exchange aForeign exchange rates -- India aMattoo, V. J.